Toutes les Gares du Reseau SNCF en Ile de France - Statistiques

Statistiques générales
  • Ce quiz a été pris 39 fois
  • Le résultat moyen est 50 sur 395
Réponses sur la Carte
Les réponses sont colorées sur une échelle allant du rouge au vert en fonction du pourcentage des utilisateurs qui les ont devinées à leur premier essai. Vous pouvez retrouver ces pourcentages ci-dessous.
 
Statistiques - réponses
Hint % Correct
Paris Montparnasse
55%
Paris Gare du Nord
52%
Paris Gare de Lyon
48%
La Défense
45%
Paris Austerlitz
45%
Paris Est
42%
Paris Saint-Lazare
42%
Saint-Michel Notre-Dame
42%
Versailles Chantiers
42%
Invalides
36%
Melun
36%
Pontoise
36%
Bibliothèque François Mitterrand
33%
Évry-Courcouronnes
33%
Neuilly - Porte Maillot
33%
Saint-Cloud
33%
Bondy
30%
Clamart
30%
Issy-les-Moulineaux
30%
Meaux
30%
Meudon
30%
Pantin
30%
Provins
30%
Puteaux
30%
Rosa Parks
30%
Asnières-sur-Seine
27%
Aulnay-sous-Bois
27%
Magenta
27%
Mantes-la-Jolie
27%
Massy - Palaiseau
27%
Massy TGV
27%
Musée d'Orsay
27%
Noisy-le-Sec
27%
Vitry-sur-Seine
27%
Cergy le Haut
24%
Champ de Mars Tour Eiffel
24%
Dourdan
24%
Haussmann Saint-Lazare
24%
Ivry-sur-Seine
24%
Le Blanc-Mesnil
24%
Mitry - Claye
24%
Montreuil
24%
Rosny-sous-Bois
24%
Saint-Denis
24%
Saint-Ouen
24%
Savigny-sur-Orge
24%
Sèvres Rive Gauche
24%
Versailles Rive Droite
24%
Aéroport Charles de Gaulle 1
21%
Aéroport Charles de Gaulle 2 TGV
21%
Avenue Foch
21%
Brétigny-sur-Orge
21%
Cergy Préfecture
21%
Corbeil-Essonnes
21%
Drancy
21%
Gagny
21%
Houdan
21%
Issy Val de Seine
21%
Javel
21%
Juvisy-sur-Orge
21%
Les Ardoines
21%
Pont Cardinet
21%
Pont de l'Alma
21%
Porte de Clichy
21%
Rosny Bois Perrier
21%
Sartrouville
21%
Sevran Beaudottes
21%
Trappes
21%
Val de Fontenay
21%
Vanves - Malakoff
21%
Versailles Château Rive Gauche
21%
Villiers-sur-Marne - Le Plessis-Trévise
21%
Viroflay Rive Droite
21%
Viroflay Rive Gauche
21%
Bécon les Bruyères
18%
Bougival
18%
Boulainvilliers
18%
Cergy Saint-Christophe
18%
Chelles - Gournay
18%
Choisy-le-Roi
18%
Clichy - Levallois
18%
Coulommiers
18%
Créteil Pompadour
18%
Émerainville - Pontault-Combault
18%
Ermont - Eaubonne
18%
Étampes
18%
Gretz-Armainvilliers
18%
La Courneuve - Aubervilliers
18%
Longjumeau
18%
Maisons-Alfort - Alfortville
18%
Maisons-Laffitte
18%
Marly-le-Roi
18%
Marne-la-Vallée Chessy
18%
Nanterre La Folie
18%
Nanterre Université
18%
Nogent - Le Perreux
18%
Ozoir-la-Ferrière
18%
Péreire - Levallois
18%
Poissy
18%
Rambouillet
18%
Sevran - Livry
18%
Sèvres - Ville-d'Avray
18%
Suresnes Mont Valérien
18%
Tournan-en-Brie
18%
Vert Galant
18%
Villeneuve-Saint-Georges
18%
Villepinte
18%
Yerres
18%
Argenteuil
15%
Avenue Henri Martin
15%
Bellevue
15%
Chaville Rive Gauche
15%
Chaville - Vélizy
15%
Colombes
15%
Conflans Fin d'Oise
15%
Courbevoie
15%
Dourdan La Forêt
15%
Épinay-sur-Seine
15%
Épône - Mézières
15%
Évry Val de Seine
15%
Garges - Sarcelles
15%
Grigny Centre
15%
Houilles - Carrières-sur-Seine
15%
La Celle-Saint-Cloud
15%
Le Bourget
15%
Le Mée-sur-Seine
15%
Le Raincy - Villemomble - Montfermeil
15%
Les Boullereaux Champigny
15%
Les Mureaux
15%
Le Stade
15%
L'Étang-la-Ville
15%
Le Val d'Or
15%
Le Vert de Maisons
15%
Meudon Val Fleury
15%
Montfort-l'Amaury - Méré
15%
Parc des Expositions
15%
Plaisir - Grignon
15%
Ris-Orangis
15%
Roissy-en-Brie
15%
Saint-Cyr-l'École
15%
Saint-Michel-sur-Orge
15%
Sannois
15%
Vaucresson
15%
Villeneuve-le-Roi
15%
Villeparisis - Mitry-le-Neuf
15%
Viry-Châtillon
15%
Ablon-sur-Seine
12%
Achères Grand Cormier
12%
Achères Ville
12%
Arpajon
12%
Athis-Mons
12%
Aubergenville Élisabethville
12%
Avenue du Président Kennedy Maison de Radio France
12%
Bois-Colombes
12%
Chamarande
12%
Chaville Rive Droite
12%
Chemin d'Antony
12%
Coignières
12%
Conflans-Sainte-Honorine
12%
Enghien-les-Bains
12%
Fontainebleau - Avon
12%
Garches - Marnes-la-Coquette
12%
Gargenville
12%
Gennevilliers
12%
Goussainville
12%
Herblay
12%
Igny
12%
Jouy-en-Josas
12%
La Ferté-sous-Jouarre
12%
La Verrière
12%
Le Bras de Fer
12%
Le Chénay Gagny
12%
Les Grésillons
12%
Les Pavillons-sous-Bois
12%
Les Yvris Noisy-le-Grand
12%
Louveciennes
12%
Massy - Verrières
12%
Méry-sur-Oise
12%
Montgeron - Crosne
12%
Nangis
12%
Orangis Bois de l'Épine
12%
Orly Ville
12%
Paris Bercy Bourgogne - Pays d'Auvergne
12%
Petit Vaux
12%
Pont de Rungis Aéroport d'Orly
12%
Pont du Garigliano - Hôpital Européen Georges Pompidou
12%
Porchefontaine
12%
Saint-Gratien
12%
Saint-Leu-la-Forêt
12%
Saint-Martin d'Étampes
12%
Saint-Nom-la-Bretèche Forêt de Marly
12%
Saint-Ouen-l'Aumône
12%
Saint-Quentin en Yvelines - Montigny-le-Bretonneux
12%
Savigny-le-Temple - Nandy
12%
Vaires - Torcy
12%
Vigneux-sur-Seine
12%
Villeneuve Triage
12%
Villiers-le-Bel - Gonesse - Arnouville
12%
Vosves
12%
Allée de la Tour Rendez-Vous
9%
Andrésy
9%
Angerville
9%
Auvers-sur-Oise
9%
Beynes
9%
Bièvres
9%
Boigneville
9%
Bonnières-sur-Seine
9%
Bouray
9%
Boussy-Saint-Antoine
9%
Breuillet - Bruyères-le-Châtel
9%
Breuillet Village
9%
Brunoy
9%
Buno - Gironville
9%
Cesson
9%
Champ de Courses d'Enghien
9%
Chanteloup-les-Vignes
9%
Chilly-Mazarin
9%
Cormeilles-en-Parisis
9%
Crécy-la-Chapelle
9%
Égly
9%
Épinay-sur-Orge
9%
Esbly
9%
Étréchy
9%
Franconville - Le Plessis-Bouchard
9%
Gargan
9%
Juziers
9%
La Garenne-Colombes
9%
La Norville - Saint-Germain-lès-Arpajon
9%
Lardy
9%
Le Plessis Chenet
9%
Les Essarts-le-Roi
9%
Les Noues
9%
Les Saules
9%
Lizy-sur-Ourcq
9%
Louvres
9%
Maisse
9%
Mantes Station
9%
Mareil-Marly
9%
Marolles-en-Hurepoix
9%
Monnerville
9%
Montigny - Beauchamp
9%
Moret - Veneux-les-Sablons
9%
Moulin Galant
9%
Osny
9%
Persan - Beaumont
9%
Petit Jouy - Les Loges
9%
Pierrefitte - Stains
9%
Pierrelaye
9%
Plaisir - Les Clayes
9%
Rosny-sur-Seine
9%
Rungis La Fraternelle
9%
Saint-Chéron
9%
Sainte-Geneviève-des-Bois
9%
Saint-Ouen-l'Aumône Liesse
9%
Sarcelles - Saint-Brice
9%
Sermaise
9%
Seugy
9%
Stade de France Saint-Denis
9%
Triel-sur-Seine
9%
Trilport
9%
Us
9%
Vauboyen
9%
Verneuil-l'Étang
9%
Vernouillet - Verneuil
9%
Villabé
9%
Villennes-sur-Seine
9%
Villepreux - Les Clayes
9%
Bailly
6%
Bois-le-Roi
6%
Bouffémont - Moisselles
6%
Champlan
6%
Chars
6%
Chartrettes
6%
Crouy-sur-Ourcq
6%
Dammartin - Juilly - Saint-Mard
6%
Deuil - Montmagny
6%
Domont
6%
Écouen - Ézanville
6%
Éragny - Neuville
6%
Ermont Halte
6%
Fontenay-le-Fleury
6%
Garancières - La Queue
6%
Gazeran
6%
Grand Bourg
6%
Gravigny Balizy
6%
Groslay
6%
Gros Noyer Saint-Prix
6%
Issou - Porcheville
6%
La Barre Ormesson
6%
L'Abbaye
6%
La Ferté-Alais
6%
La Frette - Montigny
6%
Lagny - Thorigny
6%
La Grande-Paroisse
6%
Le Perray-en-Yvelines
6%
Les Clairières de Verneuil
6%
Les Coquetiers
6%
Lieusaint - Moissy
6%
Limay
6%
L'Isle-Adam - Parmain
6%
Livry-sur-Seine
6%
Longueville
6%
Luzarches
6%
Mareil-sur-Mauldre
6%
Massy Europe
6%
Maule
6%
Mennecy
6%
Meulan - Hardricourt
6%
Montereau
6%
Montgeroult - Courcelles
6%
Montigny-sur-Loing
6%
Neuville Université
6%
Nézel - Aulnay
6%
Noisy-le-Roi
6%
Orgerus - Béhoust
6%
Saint-Ouen-l'Aumône Quartier de l'Église
6%
Santeuil - Le Perchay
6%
Survilliers - Fosses
6%
Taverny
6%
Thomery
6%
Thun le Paradis
6%
Val d'Argenteuil
6%
Valmondois
6%
Vaux-sur-Seine
6%
Villiers - Neauphle - Pontchartrain
6%
Bagneaux-sur-Loing
3%
Ballancourt-sur-Essonne
3%
Belloy - Saint-Martin
3%
Bessancourt
3%
Boissise-le-Roi
3%
Boissy-l'Aillerie
3%
Bourron-Marlotte - Grez
3%
Boutigny-sur-Essonne
3%
Champagne-sur-Oise
3%
Champagne-sur-Seine
3%
Champbenoist - Poigny
3%
Changis - Saint-Jean
3%
Chaponval
3%
Combs-la-Ville - Quincy
3%
Compans
3%
Épinay - Villetaneuse
3%
Épluches
3%
Essonnes Robinson
3%
Faremoutiers - Pommeuse
3%
Fontaine-le-Port
3%
Freinville Sevran
3%
Frépillon
3%
Guérard - La Celle-sur-Morin
3%
Guillerval
3%
Héricy
3%
Le Coudray-Montceaux
3%
Les Vallées
3%
Lycée Henri Sellier
3%
Maurecourt
3%
Mériel
3%
Montry - Condé
3%
Montsoult - Maffliers
3%
Mormant
3%
Mortcerf
3%
Mouroux
3%
Nemours - Saint-Pierre
3%
Nointel - Mours
3%
Pont Petit
3%
Presles Courcelles
3%
Remise à Jorelle
3%
Rougemont Chanteloup
3%
Sainte-Colombe Septveilles
3%
Saint-Fargeau-Ponthierry
3%
Souppes - Château-Landon
3%
Tacoignières - Richebourg
3%
Thieux - Nantouillet
3%
Vaucelles
3%
Viarmes
3%
Villaines-sous-Bois
3%
Villiers Montbarbin
3%
Allée Royale
0%
Bréval
0%
Bruyères-sur-Oise
0%
Cernay (Val-d'Oise)
0%
Couilly - Saint-Germain - Quincy
0%
Dugny - La Courneuve T11
0%
Fourqueux - Bel-Air
0%
Isles - Armentières - Congis
0%
La Plaine Stade de France - Saint-Denis - Aubervilliers
0%
Les Portes de Saint-Cyr
0%
L'Etang les Sablons
0%
Lisière Pereire
0%
Marles-en-Brie
0%
Nanteuil - Saâcy
0%
Ponthierry - Pringy
0%
Saint-Mammès
0%
Stains La Cerisaie T11
0%
Vernou-la-Celle-sur-Seine
0%
Villetaneuse Université
0%
Vulaines-sur-Seine - Samoreau
0%
Aucun quiz correspondant
Distribution des résultats
% des personnes avec chaque résultat
Percentile par nombre de réponses
Votre historique - résultats
Vous n’avez pas pris ce quiz